| 000 | 00659nam a22002297a 4500 | ||
|---|---|---|---|
| 999 |
_c3913 _d3913 |
||
| 003 | AR-CdUCM | ||
| 008 | 190307b ||||| |||| 00| 0 spa d | ||
| 040 |
_aMUNICIPALIDAD PROVINCIAL DEL CUSCO _cBIBLIOTECA MUNICIPAL DEL CUSCO |
||
| 082 |
_a800.8 / _bST78 |
||
| 100 |
_aStendhal _912124 |
||
| 245 | _aLa Cartuja de Parma / | ||
| 260 |
_aBarcelona : _bEdit. Bruguera, _c1967. |
||
| 300 |
_a557 paginas ; _c17 cm. |
||
| 505 | _aContenido :Novela / | ||
| 650 |
_aLiteratura universal _9611 |
||
| 650 |
_aColecciones _9607 |
||
| 650 |
_aLiteratura francesa _9913 |
||
| 650 |
_aNovelas _9218 |
||
| 650 |
_aSiglo XX _98 |
||
| 942 |
_2ddc _cLIBROS |
||
| 945 | _arjall | ||